| 000 | 00600cam a22002053a 4500 | ||
|---|---|---|---|
| 001 | 44092 | ||
| 003 | PGUSA | ||
| 005 | 20140828084014.0 | ||
| 008 | 131102s2013||||xxu|||||s|||||000 | eng d | ||
| 040 |
_aPGUSA _beng |
||
| 042 | _adc | ||
| 100 | 1 |
_aStopes, Marie Carmichael, _d1880-1958 |
|
| 245 | 1 | 0 |
_aPlays of Old Japan : _bThe 'No' _h[electronic resource] / _cMarie Carmichael Stopes |
| 260 |
_bProject Gutenberg, _c2013 |
||
| 506 | _aPublic domain in the USA. | ||
| 516 | _aElectronic text | ||
| 830 | 0 |
_aProject Gutenberg _v44092 |
|
| 856 | 4 | 0 | _uhttp://www.gutenberg.org/ebooks/44092 |
| 942 | _cEB | ||
| 999 |
_c273343 _d273343 |
||